Loading...
| Auditory Arts | 3 | 6.67 | 67% | 0% | 0% |
| Beliefs | 2 | 10.00 | 100% | 0% | 0% |
| Current Events | 4 | 17.50 | 100% | 75% | 0% |
| Fine Arts - Other Arts | 3 | 6.67 | 67% | 0% | 0% |
| Geography | 2 | 0.00 | 0% | 0% | 0% |
| History - American | 1 | 10.00 | 100% | 0% | 0% |
| History - European | 1 | 10.00 | 100% | 0% | 0% |
| History - Other | 1 | 10.00 | 0% | 100% | 0% |
| History - World | 4 | 10.00 | 100% | 0% | 0% |
| Literature - American | 1 | 10.00 | 100% | 0% | 0% |
| Literature - British | 3 | 10.00 | 100% | 0% | 0% |
| Literature - World | 3 | 6.67 | 67% | 0% | 0% |
| Other Academic | 1 | 10.00 | 100% | 0% | 0% |
| Philosophy | 4 | 0.00 | 0% | 0% | 0% |
| Science - Biology | 2 | 10.00 | 100% | 0% | 0% |
| Science - Chemistry | 1 | 0.00 | 0% | 0% | 0% |
| Science - Other | 3 | 13.33 | 67% | 33% | 33% |
| Science - Physics | 1 | 20.00 | 100% | 100% | 0% |
| Social Science | 3 | 3.33 | 33% | 0% | 0% |
| Visual Arts | 2 | 10.00 | 50% | 50% | 0% |